<?xml version="1.0" encoding="UTF-8"?>
<record
    xmlns:xsi="http://www.w3.org/2001/XMLSchema-instance"
    xsi:schemaLocation="http://www.loc.gov/MARC21/slim http://www.loc.gov/standards/marcxml/schema/MARC21slim.xsd"
    xmlns="http://www.loc.gov/MARC21/slim">

  <leader>01788cam a2200361Ia 4500</leader>
  <controlfield tag="001">9065072</controlfield>
  <controlfield tag="005">20220326193300.0</controlfield>
  <controlfield tag="008">090415s2008    sp       b    000 0 spa d</controlfield>
  <datafield tag="020" ind1=" " ind2=" ">
    <subfield code="a">9788492505012 (Museu d'Art Contemporani de Barcelona)</subfield>
  </datafield>
  <datafield tag="020" ind1=" " ind2=" ">
    <subfield code="a">849250501X (Museu d'Art Contemporani de Barcelona)</subfield>
  </datafield>
  <datafield tag="020" ind1=" " ind2=" ">
    <subfield code="z">8449025754 (Universitat Aut&#xF2;noma de Barcelona, Servei de Publicacions)</subfield>
  </datafield>
  <datafield tag="035" ind1=" " ind2=" ">
    <subfield code="a">(OCoLC)ocn773076777</subfield>
  </datafield>
  <datafield tag="035" ind1=" " ind2=" ">
    <subfield code="a">(OCoLC)773076777</subfield>
  </datafield>
  <datafield tag="035" ind1=" " ind2=" ">
    <subfield code="a">(NNC)9065072</subfield>
  </datafield>
  <datafield tag="040" ind1=" " ind2=" ">
    <subfield code="a">ZCU</subfield>
    <subfield code="c">ZCU</subfield>
  </datafield>
  <datafield tag="043" ind1=" " ind2=" ">
    <subfield code="a">e-it---</subfield>
  </datafield>
  <datafield tag="082" ind1=" " ind2=" ">
    <subfield code="a">306.0943</subfield>
    <subfield code="b">D372f</subfield>
  </datafield>
  <datafield tag="100" ind1="1" ind2=" ">
    <subfield code="a">De Martino, Ernesto,</subfield>
    <subfield code="d">1908-1965.</subfield>
    <subfield code="9">1375</subfield>
  </datafield>
  <datafield tag="245" ind1="1" ind2="3">
    <subfield code="a">El folclore progresivo y otros ensayos /</subfield>
    <subfield code="c">Ernesto de Martino ; edici&#xF3;n a cargo de Carles Feixa ; [traducci&#xF3;n de Carles Feixa].</subfield>
  </datafield>
  <datafield tag="260" ind1=" " ind2=" ">
    <subfield code="a">Barcelona :</subfield>
    <subfield code="b">Museu d'Art Contemporani de Barcelona ;</subfield>
    <subfield code="a">Cerdanyola del Vall&#xE8;s :</subfield>
    <subfield code="b">Universitat Aut&#xF2;noma de Barcelona, Servei de Publicacions,</subfield>
    <subfield code="c">2008.</subfield>
  </datafield>
  <datafield tag="300" ind1=" " ind2=" ">
    <subfield code="a">125 p. ;</subfield>
    <subfield code="c">20 cm.</subfield>
  </datafield>
  <datafield tag="490" ind1="1" ind2=" ">
    <subfield code="a">ContraTextos ;</subfield>
    <subfield code="v">6</subfield>
  </datafield>
  <datafield tag="505" ind1=" " ind2=" ">
    <subfield code="t">El folclore progresivo y otros ensayos, Ernesto de Martino. </subfield>
    <subfield code="t">Mas alla de Eboli: Gramsci, De Martino y el debate sobre la cultura subalterna en Italia, Carles Feixa.</subfield>
    <subfield code="t">Cultura y clase obrera, Ernesto de Martino.</subfield>
    <subfield code="t">En torno a una historia del mundo popular subalterno, Ernesto de Martino. </subfield>
    <subfield code="t">El folclore Progresivo, Ernesto de Martino.</subfield>
    <subfield code="t">Gramsci y el folclore, Ernesto de Martino.</subfield>
    <subfield code="t">Bibliografia seleccionada, Carles Feixa.</subfield>
  </datafield>
  <datafield tag="600" ind1="1" ind2="0">
    <subfield code="a">Gramsci, Antonio,</subfield>
    <subfield code="d">1891-1937.</subfield>
    <subfield code="9">1376</subfield>
  </datafield>
  <datafield tag="650" ind1=" " ind2="0">
    <subfield code="a">Popular culture.</subfield>
    <subfield code="9">1377</subfield>
  </datafield>
  <datafield tag="650" ind1=" " ind2="0">
    <subfield code="a">Popular culture</subfield>
    <subfield code="z">Italy.</subfield>
    <subfield code="9">1378</subfield>
  </datafield>
  <datafield tag="655" ind1=" " ind2=" ">
    <subfield code="a">Antropologia social</subfield>
    <subfield code="9">1379</subfield>
  </datafield>
  <datafield tag="700" ind1="1" ind2=" ">
    <subfield code="a">Feixa, Carles,</subfield>
    <subfield code="d">1962-</subfield>
    <subfield code="9">1380</subfield>
  </datafield>
  <datafield tag="830" ind1=" " ind2="0">
    <subfield code="a">ContraTextos ;</subfield>
    <subfield code="v">6.</subfield>
    <subfield code="9">1381</subfield>
  </datafield>
  <datafield tag="948" ind1="0" ind2=" ">
    <subfield code="a">20111027</subfield>
    <subfield code="b">b</subfield>
    <subfield code="c">fra1</subfield>
    <subfield code="d">OSMC</subfield>
  </datafield>
  <datafield tag="948" ind1="1" ind2=" ">
    <subfield code="a">20120117</subfield>
    <subfield code="b">o</subfield>
    <subfield code="c">iw2117</subfield>
    <subfield code="d">OSMC</subfield>
  </datafield>
  <datafield tag="999" ind1=" " ind2=" ">
    <subfield code="c">296</subfield>
    <subfield code="d">296</subfield>
  </datafield>
  <datafield tag="952" ind1=" " ind2=" ">
    <subfield code="0">0</subfield>
    <subfield code="1">0</subfield>
    <subfield code="2">ddc</subfield>
    <subfield code="4">0</subfield>
    <subfield code="7">0</subfield>
    <subfield code="a">LV</subfield>
    <subfield code="b">LV</subfield>
    <subfield code="c">Pensamiento</subfield>
    <subfield code="d">2014-08-29</subfield>
    <subfield code="l">0</subfield>
    <subfield code="o">306.0943 D372f</subfield>
    <subfield code="p">000332</subfield>
    <subfield code="r">2014-08-29 00:00:00</subfield>
    <subfield code="w">2014-08-29</subfield>
    <subfield code="y">01</subfield>
  </datafield>
</record>
